[Event "Krapina op 9th"]
[Site "Krapina"]
[Date "2019.01.17"]
[Round "1"]
[White "Hrzina, Boris"]
[Black "Kolednjak, Tomislav"]
[Result "0-1"]
[WhiteElo "1680"]
[BlackElo "1958"]
[PlyCount "96"]
[EventDate "2019.01.17"]
[EventType "swiss"]
[EventRounds "7"]
[EventCountry "CRO"]
[SourceTitle "CBM 188 Extra"]
[Source "ChessBase"]
[SourceDate "2019.02.26"]
[SourceVersion "1"]
[SourceVersionDate "2019.02.26"]
[SourceQuality "1"]

1. c4 e5 2. Nc3 Nc6 3. e4 Bc5 4. Nf3 a6 5. Be2 d6 6. h3 Nge7 7. d3 h6 8. Be3 Nd4 9. 0-0 0-0 10. Rb1 Ba7 11. b4 f5 12. a4 c6 13. Kh1 f4 14. Bxd4 exd4 15. Na2 a5 16. b5 Ng6 17. Rg1 Bc5 18. g4 fxg3 19. Rxg3 Nf4 20. Bf1 Qf6 21. Nh2 Qh4 22. Nf3 Qf6 23. Nh2 Kh8 24. Rb2 Qh4 25. Nf3 Qh5 26. Rd2 Nxh3 27. Bxh3 Bxh3 28. Nh2 Qxd1+ 29. Rxd1 Be6 30. f3 Bb6 31. Rg6 Rf6 32. Rxf6 gxf6 33. Rg1 cxb5 34. axb5 Rg8 35. Rxg8+ Kxg8 36. Kg2 Kg7 37. Kg3 Bc7 38. Kg2 a4 39. Ng4 h5 40. Nf2 Ba5 41. Nh3 Bd2 42. Kg3 a3 43. Kg2 h4 44. Nf2 Kg6 45. Kh2 Kg5 46. Nh3+ Bxh3 47. Kxh3 Be1 48. Nc1 Kf4 0-1